00330nam a2200121Ia 4500008004100000041000800041082001200049100001900061245003700080260004700117300003200164365001200196240624s9999 xx 000 0 und d aeng a657 BAR aBARKER RICHARD aSHORT INTRODUCTION TO ACCOUNTING c2011aNew YorkbCambridge University Press aviii, : 162 : p. : cm. ; 21 cGBPb50